[Event "Kup Centralne Srbije"]
[Site "Vrnjacka Banja"]
[Date "2011.05.02"]
[Round "7"]
[White "Djukic, Zeljko"]
[Black "Sredojevic, Ivan"]
[Result "1/2-1/2"]
[BlackElo "2408"]
[EventDate "2011.03.02"]
[WhiteElo "2382"]

1.d4 Nf6 2.c4 c5 3.d5 b5 4.Qc2 bxc4 5.e4 d6 6.Bxc4 g6 7.b3 Bg7 8.Bb2 O-O
9.Nf3 Ba6 10.Nbd2 Bxc4 11.bxc4 Nfd7 12.Bxg7 Kxg7 13.Qc3+ Kg8 14.O-O e5
15.Qd3 Na6 16.Rfb1 Qc7 17.Qa3 Nb4 18.Qc3 Rab8 19.a3 Na6 20.h4 Nf6 21.g3
Rb6   1/2-1/2

[Event "Kup Centralne Srbije"]
[Site "Vrnjacka Banja"]
[Date "2011.05.02"]
[Round "7"]
[White "Vratonjic, Slobo"]
[Black "Mitrovic, Darko R"]
[Result "1/2-1/2"]
[BlackElo "2314"]
[EventDate "2011.03.02"]
[WhiteElo "2392"]

1.e4 e6 2.d4 d5 3.Nc3 Bb4 4.e5 c5 5.a3 Bxc3+ 6.bxc3 Ne7 7.Nf3 Qa5 8.Bd2
Qa4 9.Be2 b6 10.Qb1 Ba6 11.Qb3 Qxb3 12.cxb3 Bxe2 13.Kxe2 Nbc6 14.b4 f6
15.exf6 gxf6 16.dxc5 bxc5 17.Be3 c4 18.Bc5 Kf7 19.Rad1 a6 20.Rhe1 Ng6 21.g3
Nge5 22.Nd4 Nxd4+ 23.cxd4 Nd3 24.Rxd3 cxd3+ 25.Kxd3 Rhe8 26.f4 h5 27.a4
Kg6 28.b5 axb5 29.axb5 Kf5 30.b6 Reb8 31.h3 Rg8 32.Rg1 Rg7 33.Ke3 Ra2 34.Bd6
Rb7 35.g4+ hxg4 36.hxg4+ Kg6 37.Bc7 Ra3+ 38.Kd2 Rb3 39.Rf1 R7xb6 40.Bxb6
Rxb6   1/2-1/2

[Event "Kup Centralne Srbije"]
[Site "Vrnjacka Banja"]
[Date "2011.05.02"]
[Round "7"]
[White "Djokic, Vladan"]
[Black "Rabrenovic, Vladan"]
[Result "1-0"]
[BlackElo "2393"]
[EventDate "2011.03.02"]
[WhiteElo "2285"]

1.c4 d6 2.g3 c5 3.Bg2 Nc6 4.Nf3 g6 5.Nc3 Bg7 6.O-O Bd7 7.Rb1 Qc8 8.Re1 Rb8
9.a3 h5 10.h4 Nd4 11.d3 Nh6 12.Bg5 Bc6 13.e4 e6 14.Nxd4 Bxd4 15.Ne2 Bg7
16.d4 Qc7 17.b4 cxd4 18.Nxd4 O-O 19.Nxc6 bxc6 20.Qd2 Ng4 21.Rbd1 f6 22.Be3
Rfd8 23.Bh3 Kf7 24.Bxg4 hxg4 25.Qe2 f5 26.exf5 gxf5 27.Bxa7 Qxa7 28.Qxe6+
Kf8 29.Qxf5+ Qf7 30.Qxg4 d5 31.Rd3 Re8 32.Rxe8+ Rxe8 33.cxd5 cxd5 34.Rf3
Bf6 35.Qf5 Kg7 36.h5 Re6 37.g4 Qe7 38.h6+ Kh8 39.Qxd5 Be5 40.Qa8+ Kh7 41.Qf8
Qxf8 42.Rxf8 Bd6 43.Rf5 Kxh6 44.Kg2 Kg6 45.Kf3 Be7 46.Ra5 Bd8   1-0

[Event "Kup Centralne Srbije"]
[Site "Vrnjacka Banja"]
[Date "2011.05.02"]
[Round "7"]
[White "Kojovic, Dragan"]
[Black "Stankovic, Dejan"]
[Result "1/2-1/2"]
[BlackElo "2272"]
[EventDate "2011.03.02"]
[WhiteElo "2374"]

1.e4 e5 2.Nf3 Nf6 3.Nxe5 d6 4.Nf3 Nxe4 5.Nc3 Nf6 6.d4 Be7 7.h3 Bf5 8.Bd3
Bxd3 9.Qxd3 O-O 10.O-O c6 11.Bg5 Nbd7 12.Rfe1 h6 13.Bd2 Nh7 14.Bf4 Re8
15.Ne4 d5 16.Ng3 Ndf6 17.Ne5 Bd6 18.Nf5 Bxe5 19.Bxe5 Re6 20.Qg3 Ne8 21.Bf4
Kh8 22.Re5 Qf6 23.Rae1 Nf8 24.Nxh6 Ng6 25.Nxf7+ Qxf7 26.Rxe6 Nxf4 27.Rxe8+
Rxe8 28.Rxe8+ Qxe8 29.Qxf4 Qe2 30.Qf8+ Kh7 31.Qf5+ Kg8 32.Kh2 Qd2 33.Kg3
Qxd4 34.Qc8+ Kh7 35.Qf5+ Kg8 36.Qe6+ Kh7 37.h4 Qxb2 38.Qf5+ Kh8 39.Qh5+
  1/2-1/2

[Event "Kup Centralne Srbije"]
[Site "Vrnjacka Banja"]
[Date "2011.05.02"]
[Round "7"]
[White "Rajkovic, Dusan"]
[Black "Delchev, Aleksander"]
[Result "0-1"]
[BlackElo "2625"]
[EventDate "2011.03.02"]
[WhiteElo "2411"]

1.d4 Nf6 2.c4 g6 3.Nc3 d5 4.Bg5 Ne4 5.Bh4 Nxc3 6.bxc3 dxc4 7.e3 Be6 8.Nf3
Nd7 9.Ng5 Bd5 10.e4 h6 11.exd5 hxg5 12.Bxg5 Nb6 13.Be2 Qxd5 14.h4 Bh6 15.Bxh6
Rxh6 16.O-O Qa5 17.Qd2 Rxh4 18.g3 Rh7 19.Bf3 O-O-O 20.Rac1 Qf5 21.Qe2 Rdh8
22.Rfe1 e6 23.Bg2 Rh2 24.a4 Nd5 25.Qf3 c6 26.a5 a6 27.Re5 Qxf3 28.Bxf3
R2h7 29.Re2 g5 30.Ra2 g4 31.Bg2 f5 32.Re1 Nxc3 33.Rc2 Ne4 34.Kf1 Ng5 35.Rxc4
Rd8 36.Rb4 Rd6 37.Ke2 Rhd7 38.Ke3 Nh7 39.Rh1 Nf6 40.Rh6 Nd5+ 41.Bxd5 Rxd5
42.Rxe6 Rxa5 43.Re5 Rad5 44.Re6 Ra5 45.Re5 Rxe5+   0-1

[Event "Kup Centralne Srbije"]
[Site "Vrnjacka Banja"]
[Date "2011.05.02"]
[Round "7"]
[White "Krstic, Petar"]
[Black "Ristic, Nenad"]
[Result "0-1"]
[BlackElo "2416"]
[EventDate "2011.03.02"]
[WhiteElo "2324"]

1.e4 c5 2.Nf3 d6 3.d4 cxd4 4.Nxd4 Nf6 5.Nc3 g6 6.Be3 Bg7 7.f3 O-O 8.Qd2
Nc6 9.O-O-O Bd7 10.h4 Rc8 11.h5 Nxh5 12.g4 Nxd4 13.Bxd4 Bxd4 14.Qxd4 Nf6
15.e5 dxe5 16.Qxe5 Qc7 17.Qxc7 Rxc7 18.g5 Bc6 19.gxf6 Bxf3 20.Rh2 exf6
21.Rd3 Bc6 22.Rdh3 h5 23.Be2 Kg7 24.Rg3 Kh6 25.b4 f5 26.Bxh5 gxh5 27.Ne2
Re8 28.Nf4 Re1+ 29.Kd2 Rh1 30.Rxh1 Bxh1 31.Rh3 Kg5 32.Rxh5+ Kxf4 33.Rxh1
Kg3 34.Rh5 f4 35.Rf5 Kg4 36.Rf6 Rd7+   0-1

[Event "Kup Centralne Srbije"]
[Site "Vrnjacka Banja"]
[Date "2011.05.02"]
[Round "7"]
[White "Todorovic, Goran N"]
[Black "Nestorovic, Lazar"]
[Result "1/2-1/2"]
[BlackElo "2357"]
[EventDate "2011.03.02"]
[WhiteElo "2403"]

1.Nf3 c5 2.c4 Nf6 3.Nc3 e6 4.g3 b6 5.Bg2 Bb7 6.O-O Be7 7.d4 cxd4 8.Qxd4
O-O 9.Rd1 d6 10.b3 Qc8 11.Bb2 Rd8 12.Rac1 Nbd7 13.Qf4 a6 14.g4 Qc7 15.g5
Ne8 16.h4 Rac8 17.Qg4 Qb8 18.h5 Bxf3 19.exf3 b5 20.cxb5 axb5 21.f4 d5 22.f5
Ne5 23.Qg3 d4 24.Ne2 Rxc1 25.Nxc1 Bd6 26.fxe6 fxe6 27.Qh3 Nc7 28.Rxd4 Nf7
29.g6 hxg6 30.hxg6 Nh6 31.Nd3 Be7 32.Nf4 Bc5 33.Rd3 Rxd3 34.Nxd3 Bb6 35.Be5
Qe8 36.Nf4 Qd8 37.Bxc7 Bxc7 38.Qxe6+ Kh8 39.Nd5 Bd6 40.Nb6 Qxb6 41.Qc8+
Ng8 42.Bd5 Qb8 43.Qxb8 Bxb8 44.a4 Nf6 45.Bf7 bxa4 46.bxa4 Ba7 47.Kg2 Ne4
48.f4 Bb6   1/2-1/2

[Event "Kup Centralne Srbije"]
[Site "Vrnjacka Banja"]
[Date "2011.05.02"]
[Round "7"]
[White "Mincic, Srbislav"]
[Black "Djokic, Nenad"]
[Result "1-0"]
[BlackElo "2364"]
[EventDate "2011.03.02"]
[WhiteElo "2287"]

1.e4 c5 2.Nf3 Nc6 3.Bb5 e6 4.O-O Nge7 5.b3 Qb6 6.Nc3 Nd4 7.Bd3 Nec6 8.Bb2
Be7 9.Nxd4 cxd4 10.Ne2 d6 11.c3 dxc3 12.Bxc3 Bf6 13.Rc1 Bd7 14.Kh1 Bxc3
15.Rxc3 Rc8 16.Bb1 Nd4 17.Nxd4 Qxd4 18.Rxc8+ Bxc8 19.Qc2 O-O 20.Qc3 Qxc3
21.dxc3 e5 22.Rd1 Rd8 23.Kg1 Kf8 24.Kf1 Ke7 25.Ke2 g6 26.Ke3 Be6 27.c4
b6 28.Bd3 Rc8 29.Rd2 Kd7 30.Rc2 f5 31.g3 Rf8 32.f4+ exf4+ 33.gxf4 fxe4
34.Bxe4 a5 35.Rg2 Kc7 36.Rg5 Bh3 37.Kf3 Rf6 38.Kg3 Bd7 39.h4 Be8 40.h5
Kd8 41.h6 Ke7 42.Bd3 Kf8 43.Be4 Bd7 44.Kf3 Kf7 45.Ke3 Kf8 46.a3 Kf7 47.b4
axb4 48.axb4 Kf8 49.Bd3 Re6+ 50.Kd4 Rf6 51.Kd5 Rxf4 52.Kxd6 Be8 53.Re5
(53.Rd5 Bf7 54.Ke5) 53...Kf7 54.Kd5   1-0

[Event "Kup Centralne Srbije"]
[Site "Vrnjacka Banja"]
[Date "2011.05.02"]
[Round "7"]
[White "Colovic, Dusan"]
[Black "Radosavljevic, Slobodan D"]
[Result "1-0"]
[BlackElo "2231"]
[EventDate "2011.03.02"]
[WhiteElo "2362"]

1.d4 c5 2.c3 Qc7 3.e4 g6 4.Nf3 Bg7 5.Be2 d6 6.O-O Nf6 7.Re1 O-O 8.Bf1 Nc6
9.h3 e5 10.d5 Ne7 11.Na3 Ne8 12.Nb5 Qd8 13.a4 h6 14.b4 cxb4 15.cxb4 f5
16.Nc3 Nf6 17.Qb3 Kh8 18.Bb2 Nh5 19.Rec1 Nf4 20.Nd2 fxe4 21.Ndxe4 a6 22.b5
Nf5 23.Ne2 g5 24.Nxf4 gxf4 25.Be2 Qb6 26.a5 Qd8 27.b6 Rf7 28.Bg4 Bf8 29.Rc4
Nh4 30.Re1 Bf5 31.Rc7   1-0

[Event "Kup Centralne Srbije"]
[Site "Vrnjacka Banja"]
[Date "2011.05.02"]
[Round "-"]
[White "Nesic, Nebojsa"]
[Black "Mirkovic, Stevan"]
[Result "0-1"]
[BlackElo "2237"]
[EventDate "2011.03.02"]
[WhiteElo "2174"]

1.d4 d5 2.Nf3 Nf6 3.c4 dxc4 4.Qa4+ c6 5.Qxc4 e6 6.g3 b5 7.Qc2 Bb7 8.Bg2
Nbd7 9.O-O Qb6 10.Nbd2 c5 11.dxc5 Nxc5 12.Nb3 Be4 13.Qc3 Nd5 14.Qd4 Bxf3
15.Bxf3 Nxb3 16.Qe5 Qd4 17.Bxd5 Qxe5 18.Bc6+ Ke7 19.axb3 Rc8 20.Bf4 Qxb2
21.Bxb5 Kf6 22.e4 g5 23.e5+ Kg6 24.Bd3+ Kh6 25.Be3 Bc5 26.Bxc5 Rxc5 27.Rxa7
Rf8   0-1

[Event "Kup Centralne Srbije"]
[Site "Vrnjacka Banja"]
[Date "2011.05.02"]
[Round "7"]
[White "Marcetic, Predrag"]
[Black "Panic, Nenad"]
[Result "1-0"]
[BlackElo "2349"]
[EventDate "2011.03.02"]
[WhiteElo "2214"]

1.e4 g6 2.d4 Bg7 3.Nc3 c5 4.Be3 cxd4 5.Bxd4 Bxd4 6.Qxd4 f6 7.Bc4 Nc6 8.Qd2
Ne5 9.Bb3 d6 10.Nge2 Bd7 11.f4 Nc6 12.O-O-O Qa5 13.Nd4 Nxd4 14.Qxd4 Qc5
15.Qxc5 dxc5 16.Bf7+ Kxf7 17.Rxd7 b6 18.Rhd1 f5 19.e5 g5 20.fxg5 h6 21.g6+
Kxg6 22.Nd5 Rh7 23.Nc7 Rc8 24.Ne6 Kf7 25.Nf4 Ra8 26.Rd8 Rxd8 27.Rxd8 h5
28.Ra8 h4 29.h3 Nh6 30.Rxa7 Rh8 31.Rb7 Ra8 32.Rxb6 Ra4 33.Nd3 Ng8 34.Nxc5
Rxa2 35.Kb1 Ra5 36.b4 Ra3 37.Nd3 e6 38.Kb2 Ra4 39.Nc5 Ra8 40.Rxe6 Ne7 41.Rh6
Rg8 42.Rxh4 Rxg2 43.b5 Nd5 44.Nd3 Ne3 45.Nb4 Ke6 46.b6 Rg8 47.Na6   1-0

[Event "Kup Centralne Srbije"]
[Site "Vrnjacka Banja"]
[Date "2011.05.02"]
[Round "7"]
[White "Jovanovic, Bojan P"]
[Black "Bezarevic, Branko"]
[Result "1-0"]
[BlackElo "2201"]
[EventDate "2011.03.02"]
[WhiteElo "2184"]

1.c4 Nf6 2.Nc3 e6 3.Nf3 d5 4.cxd5 exd5 5.d4 Be7 6.Bg5 Nbd7 7.e3 c6 8.Bd3
O-O 9.O-O Re8 10.Qb1 Ne4 11.Bxe4 Bxg5 12.Bxh7+ Kh8 13.Bd3 Be7 14.b4 Bd6
15.b5 Qf6 16.Bf5 Qh6 17.bxc6 bxc6 18.e4 dxe4 19.Nxe4 Bc7 20.Bh3 Nb6 21.Neg5
Kg8 22.Bxc8 Raxc8 23.Qf5 f6 24.Ne6 Qh7 25.Qxh7+ Kxh7 26.Nxc7 Rxc7 27.Rfc1
Nd5 28.Kf1 Kg8 29.Rc4 Ne7 30.Rb1 Kf7 31.g3 Rd8 32.Ke2 Ke6 33.Kd3 Rcd7 34.h4
g6 35.Rbb4 Kf7 36.Ra4 Rc7 37.Rc5 Rcd7 38.g4 Rd5 39.Rxd5 Rxd5 40.Ra3 Rd7
41.Kc4 Rb7 42.Rb3 Rd7 43.Rb8 Ke6 44.Nd2 f5 45.Nb3 Rc7 46.Rf8 Nc8 47.g5
Nd6+ 48.Kd3 Rh7 49.Nc5+ Kd5 50.Na6 Ke6 51.Rf6+ Ke7 52.Nc5 Ne8 53.Rxg6 Rxh4
54.Rxc6 Rg4 55.Re6+ Kf7 56.Ra6 Rxg5 57.Rxa7+ Kf6 58.a4 Rg1 59.Ra6+ Ke7
60.Ra7+ Kd6 61.Rf7 Rd1+ 62.Ke3 Nc7 63.Nb7+ Kc6 64.Na5+ Kb6 65.Nc4+ Kc6
66.Rf6+ Kd7 67.Rxf5 Ne6 68.Rd5+ Ke7 69.a5 Rc1 70.Nb6 Re1+ 71.Kd2 Ra1 72.Kc3
Ra2 73.Rf5 Kd6 74.Rd5+ Kc7 75.Rd7+   1-0

[Event "Kup Centralne Srbije"]
[Site "Vrnjacka Banja"]
[Date "2011.05.02"]
[Round "7"]
[White "Vasic, Vladimir"]
[Black "Popovic, Predrag R"]
[Result "1/2-1/2"]
[BlackElo "2278"]
[EventDate "2011.03.02"]
[WhiteElo "2180"]

1.e4 e6 2.d4 d5 3.Nd2 c5 4.Ngf3 Nc6 5.exd5 Qxd5 6.Bc4 Qd8 7.dxc5 Bxc5 8.O-O
Nf6 9.Qe2 O-O 10.Ne4 Be7 11.Rd1 Qc7 12.Bg5 Nxe4 13.Qxe4 h6 14.Bxe7 Qxe7
15.Ne5 Nxe5 16.Qxe5 b6 17.Bd5 Bb7 18.Bxb7 Qxb7 19.Rd3 Rad8 20.Rad1 Qc8
21.Qb5 Qc7 22.h3 Rxd3 23.Qxd3 Rc8 24.c3 a5 25.Qd7 Qxd7 26.Rxd7 a4 27.Ra7
b5 28.Kf1 g5 29.Ke2 Rd8 30.Kf3 Kg7 31.Rb7   1/2-1/2

[Event "Kup Centralne Srbije"]
[Site "Vrnjacka Banja"]
[Date "2011.05.02"]
[Round "7"]
[White "Nikolic, Vladimir"]
[Black "Mijanovic, Dragan"]
[Result "1-0"]
[BlackElo "2106"]
[EventDate "2011.03.02"]
[WhiteElo "1976"]

1.Nf3 d5 2.d4 Nf6 3.c4 c6 4.Nc3 g6 5.e3 Bg7 6.Qb3 O-O 7.a4 e6 8.a5 Nbd7
9.Be2 Qc7 10.O-O Ne4 11.Nxe4 dxe4 12.Ng5 c5 13.Nxe4 cxd4 14.exd4 Bxd4 15.Bh6
Re8 16.Bf3 f5 17.Ng5 Nc5 18.Qa3 Qe7 19.Rad1 Bf6 20.h4 Rb8 21.Rfe1 Bg7 22.Bxg7
Kxg7 23.Qc3+ Kg8 24.Qe5 Bd7 25.b4 Na6 26.b5 Nc5 27.Rd6 Rbc8 28.Red1 Red8
29.g3 h6 30.Nh3 g5 31.hxg5 hxg5 32.g4 Rf8 33.Kg2 Rf7 34.R1d4 Be8 35.Rd2
Rc7 36.Rd8 Rd7 37.R2xd7 Nxd7 38.Qc7 Kf8 39.Rc8 e5 40.gxf5 g4 41.Bxg4 Qh4
42.Qd6+ Re7 43.f3 Nf6 44.Rc7 Nh5 45.Bxh5 Bxh5 46.f6 Bxf3+ 47.Kh2   1-0

[Event "Kup Centralne Srbije"]
[Site "Vrnjacka Banja"]
[Date "2011.05.02"]
[Round "7"]
[White "Milanovic, Slavisa"]
[Black "Devetak, Dusan"]
[Result "1-0"]
[BlackElo "2220"]
[EventDate "2011.03.02"]
[WhiteElo "2417"]

1.c4 Nf6 2.Nc3 g6 3.e4 d6 4.d4 Bg7 5.Nf3 O-O 6.h3 c6 7.Bg5 h6 8.Be3 Nbd7
9.e5 dxe5 10.dxe5 Nh7 11.e6 fxe6 12.Qc2 g5 13.Be2 e5 14.O-O-O Qa5 15.g4
Nc5 16.Kb1 Ne6 17.h4 Nd4 18.Nxd4 exd4 19.Rxd4 e5 20.Rd6 Qc7 21.c5 Rf6 22.hxg5
Rxd6 23.cxd6 Qxd6 24.gxh6 Bf8 25.g5 Be6 26.g6 Nf6 27.g7 Be7 28.Qg6 Nh7
29.Bd3 e4 30.Bxe4   1-0

[Event "Kup Centralne Srbije"]
[Site "Vrnjacka Banja"]
[Date "2011.05.02"]
[Round "7"]
[White "Dodic, Dragan"]
[Black "Sandic, Vladeta"]
[Result "0-1"]
[BlackElo "2332"]
[EventDate "2011.03.02"]
[WhiteElo "2142"]

1.d4 Nf6 2.c4 c5 3.d5 g6 4.Nc3 Bg7 5.e4 d6 6.h3 O-O 7.Bd3 e6 8.Nf3 exd5
9.cxd5 a6 10.a4 Nbd7 11.Bf4 Qe7 12.O-O Rb8 13.Re1 Nh5 14.Bg5 Bf6 15.Bh6
Re8 16.g4 Ng7 17.Bf1 Ne5 18.Nxe5 Bxe5 19.Qd2 f5 20.exf5 gxf5 21.f4 Bd4+
22.Kg2 Be3 23.Qd3 c4 24.Qxc4 fxg4 25.Bg5 gxh3+ 26.Kg3 Qd7 27.Ne4 Rxe4 28.Qxe4
Bd2 29.Re2 Qg4+ 30.Kf2 Ba5 31.Ra3 Bf5 32.Qf3 Bb6+ 33.Ke1 Qg1 34.Rae3 h2
35.Rg2 h1=Q   0-1

[Event "Kup Centralne Srbije"]
[Site "Vrnjacka Banja"]
[Date "2011.05.02"]
[Round "7"]
[White "Nikolic, Dragovan"]
[Black "Tosic, Branislav"]
[Result "1/2-1/2"]
[BlackElo "2229"]
[EventDate "2011.03.02"]
[WhiteElo "2272"]

1.Nf3 Nf6 2.c4 g6 3.b3 Bg7 4.Bb2 O-O 5.g3 d6 6.Bg2 e5 7.O-O Nc6 8.d3 Nh5
9.Nc3 f5 10.Qc2 h6 11.Nd5 g5 12.b4 Ne7 13.Nd2 c6 14.Nxe7+ Qxe7 15.a4 Rb8
16.c5 d5 17.b5 e4 18.Nb3 Bd7 19.Nd4 Be5 20.e3 Nf6 21.Rab1 h5 22.Qc3 Bc7
23.Rfd1 Kh7 24.Rbc1 Ng4 25.a5 a6 26.h3 Nf6 27.b6 Be5 28.Rc2 Rbe8 29.Qe1
Rf7 30.f4 Bxd4 31.Bxd4 g4 32.hxg4 Nxg4 33.dxe4 fxe4 34.Bf1 Bc8 35.Rg2 Kg6
36.Be2 Bf5 37.Qc3 Bc8 38.Rd2 Rg8 39.Bd1 Rh7 40.Bc2 h4 41.Be5 hxg3 42.f5+
Bxf5 43.Rxg3 Kf7 44.Bd1 Rhg7   1/2-1/2

[Event "Kup Centralne Srbije"]
[Site "Vrnjacka Banja"]
[Date "2011.05.02"]
[Round "7"]
[White "Dragic, Vladimir"]
[Black "Vuckovic, Branko"]
[Result "0-1"]
[BlackElo "2251"]
[EventDate "2011.03.02"]
[WhiteElo "2181"]

1.d4 d5 2.Nc3 Nf6 3.Bg5 Nbd7 4.e3 h6 5.Bh4 e6 6.f4 Be7 7.Nf3 c5 8.Bd3 c4
9.Be2 Bb4 10.O-O Bxc3 11.bxc3 Qa5 12.Be1 Ne4 13.Kh1 Nb6 14.a4 Nxa4 15.Ne5
b5 16.Bh5 O-O 17.g4 Naxc3 18.Qf3 Qxa1 19.Bh4 Nd2 20.Rxa1 Nxf3 21.Be7 Nxe5
22.Bxf8 Kxf8 23.fxe5 g6   0-1

[Event "Kup Centralne Srbije"]
[Site "Vrnjacka Banja"]
[Date "2011.05.02"]
[Round "7"]
[White "Djurovic, Radenko"]
[Black "Blagojevic, Nebojsa"]
[Result "0-1"]
[BlackElo "2312"]
[EventDate "2011.03.02"]
[WhiteElo "2125"]

1.d4 c6 2.c4 d5 3.e3 Nf6 4.Nc3 Bf5 5.Nf3 e6 6.a3 Bd6 7.Bd3 Bxd3 8.Qxd3 O-O
9.O-O Re8 10.c5 Bc7 11.b4 Nbd7 12.Bb2 e5 13.Qf5 e4 14.Nd2 g6 15.Qh3 h5
16.f3 exf3 17.Rxf3 Ng4 18.Nf1 f5 19.g3 Ndf6 20.Qg2 Ne4 21.h3 Ngf6 22.Nxe4
Nxe4 23.g4 hxg4 24.hxg4 fxg4 25.Qxg4 Kg7 26.Rh3 Rf8 27.Qh4 Qxh4 28.Rxh4
Rf5 29.Rd1 Rg5+   0-1

[Event "Kup Centralne Srbije"]
[Site "Vrnjacka Banja"]
[Date "2011.05.02"]
[Round "7"]
[White "Mitrovic, Marjan"]
[Black "Cvetic, Milan"]
[Result "1-0"]
[BlackElo "2051"]
[EventDate "2011.03.02"]
[WhiteElo "2127"]

1.Nf3 Nf6 2.g3 c5 3.Bg2 Nc6 4.d4 cxd4 5.Nxd4 e5 6.Nxc6 bxc6 7.O-O Be7 8.c4
d5 9.Nc3 Be6 10.Qa4 O-O 11.Rd1 d4 12.Bxc6 Rc8 13.Nd5 Nxd5 14.cxd5 Bxd5
15.Bxd5 Qxd5 16.Qxa7 Bf6 17.Qa3 Ra8 18.Qf3 Qe6 19.a4 e4 20.Qa3 Rfb8 21.b4
d3 22.Ra2 Rxb4 23.Qxb4 Qxa2 24.Qxe4 Qxa4 25.Qxa4 Rxa4 26.exd3 Ra1 27.Re1
g5 28.Kf1 Bc3 29.Bd2 Ra3 30.Re8+ Kg7 31.Bxg5 Ra1+ 32.Kg2 Rd1 33.Rd8 Kg6
34.Be3 h5 35.h4 Bf6 36.Rd6 Kf5 37.d4 Bg7 38.Rd5+ Ke6 39.Rxh5 Bxd4 40.Bxd4
Rxd4 41.Rg5 f5 42.Rg6+ Kf7 43.Ra6 Rd3 44.h5 Kg7 45.Rg6+ Kf7 46.Rb6 Kg7
47.Rb5 Kf6 48.h6 Kg6 49.h7 Kxh7 50.Rxf5 Kg6 51.Ra5 Rc3 52.Kh3 Rf3 53.Kg2
Rc3 54.f4 Rc8 55.Kf3 Kf6 56.Ra6+ Kf7 57.f5 Rc1 58.Kf4 Rc7 59.Kg5 Rb7 60.g4
Rc7 61.Rh6 Kg7 62.f6+ Kg8 63.Kf5 Rc6 64.Kg6 Rc7 65.Rh1 Rg7+ 66.Kf5 Ra7
67.Re1 Ra8 68.Kg6 Rd8 69.g5   1-0

[Event "Kup Centralne Srbije"]
[Site "Vrnjacka Banja"]
[Date "2011.05.02"]
[Round "7"]
[White "Bura, Goran"]
[Black "Knezevic, Ilija"]
[Result "1-0"]
[BlackElo "2185"]
[EventDate "2011.03.02"]
[WhiteElo "2191"]

1.c4 g6 2.Nf3 d5 3.d4 Nf6 4.Qc2 e6 5.g3 Bd6 6.Bg2 O-O 7.O-O Nbd7 8.Rd1 Re8
9.Nc3 b6 10.e4 dxe4 11.Nxe4 Nxe4 12.Qxe4   1-0

[Event "Kup Centralne Srbije"]
[Site "Vrnjacka Banja"]
[Date "2011.05.02"]
[Round "7"]
[White "Milosevic, Sinisa"]
[Black "Arsenijevic, Ivan"]
[Result "1/2-1/2"]
[BlackElo "2162"]
[EventDate "2011.03.02"]
[WhiteElo "2001"]

1.d4 d5 2.c4 e6 3.Nc3 c6 4.e4 dxe4 5.Nxe4 Bb4+ 6.Bd2 Bxd2+ 7.Qxd2 Nf6 8.Nc3
O-O 9.Nf3 b6 10.Bd3 Bb7 11.O-O-O Na6 12.Qe2 Qc7 13.Ne4 Qf4+ 14.Qe3 Qxe3+
15.fxe3 Ng4 16.Rhe1 c5 17.Rd2 Nb4 18.Nc3 Nxd3+ 19.Rxd3 cxd4 20.exd4 Rac8
21.b3 Rfd8 22.h3 Nf6 23.Ree3 a6 24.a4 Rd6 25.g4 Rcd8 26.g5 Nd7 27.Ne2 Nb8
28.Ne5   1/2-1/2

[Event "Kup Centralne Srbije"]
[Site "Vrnjacka Banja"]
[Date "2011.05.02"]
[Round "7"]
[White "Njegic, Vladimir"]
[Black "Urosevic, Dejan"]
[Result "1-0"]
[BlackElo "1942"]
[EventDate "2011.03.02"]
[WhiteElo "2149"]

1.d4 d5 2.c4 e6 3.cxd5 exd5 4.Nc3 c6 5.Nf3 Nf6 6.Bg5 Bb4 7.e3 Bg4 8.Qb3
Qe7 9.Ne5 Be6 10.Bd3 h6 11.Bxf6 gxf6 12.Nf3 a5 13.Qc2 Nd7 14.Nh4 Nb6 15.O-O
Rg8 16.Ne2 Bd6 17.Ng3 Qc7 18.Nhf5 O-O-O 19.Nxh6 Rh8 20.Nhf5 Bxf5 21.Bxf5+
Kb8 22.b3 Rdg8 23.a3 Rh6 24.f4 Rgh8 25.Bh3 Re8 26.Nf5 Rhh8 27.Qd2 a4 28.Qa5
Reg8 29.Rf3 Nc8 30.Qxa4 Qd7 31.Nh6 Qe7 32.Nxg8 Rxg8 33.Bxc8 Kxc8 34.b4
Qe4 35.Raf1 Qd3 36.b5 Qe2 37.R3f2 Qxb5 38.Qxb5 cxb5 39.Rb2 b4 40.axb4 Kd7
41.Kf2 b5 42.Ra2 Rc8 43.Ra7+ Ke6 44.Rb7 Kf5 45.Kf3 Ra8 46.g4+ Ke6 47.f5#
  1-0

[Event "Kup Centralne Srbije"]
[Site "Vrnjacka Banja"]
[Date "2011.05.02"]
[Round "7"]
[White "Blagojevic, Rade"]
[Black "Mickovic, Slavisa"]
[Result "1/2-1/2"]
[BlackElo "2097"]
[EventDate "2011.03.02"]
[WhiteElo "1984"]

1.e4 c6 2.d4 d5 3.exd5 cxd5 4.Bd3 Nc6 5.c3 Nf6 6.Ne2 g6 7.Bf4 Bf5 8.Bxf5
gxf5 9.f3 e6 10.Nd2 Bd6 11.Qb3 Bxf4 12.Nxf4 Qd6 13.Nd3 b6 14.O-O-O O-O
15.Rde1 Rfc8 16.Kb1 Rab8 17.Re2 Na5 18.Qb5 Qc7 19.Nb4 Qd7 20.Qxd7 Nxd7
21.Rg1 Nc4 22.Nxc4 Rxc4 23.Nd3 b5 24.g4 f4 25.Rc1 a5 26.b3 Rc6 27.Nxf4
a4 28.Nd3 Rbc8 29.Rec2   1/2-1/2